000 01646nam a2200301Ia 4500
003 PE SENCICO BE
005 20251020182427.0
008 200515s9999 xx 000 0 und d
020 _a84-368-1515-7
040 _aPE SENCICO BE
_cPE SENCICO BE
041 _aspa
082 _a155.9
_bP
245 1 0 _aPsicología ambiental /
_cMaría Amérigo, Juan Ignacio Aragonés, José Antonio Corraliza, .... [y otros]
260 _aMadrid :
_bPirámide ;
_c2002
300 _a483 p. :
_bil., tbl. ;
_c24 cm.
490 _aPsicología
505 0 _aPsicología ambiental. Aspectos conceptuales y metodológicos -- Cognición ambiental -- Emoción y ambiente -- Factores físicos medioambientales -- Espacio personal y ecología del pequeño grupo -- Privacidad y territorialidad -- Hacinamiento -- Ambientes residenciales -- Ambientes laborales -- Ambientes escolares -- Ambientes institucionales -- El medio urbano -- El medio natural -- Actitudes y creencias hacia el medio ambiente -- Problemas ambientales y soluciones conductuales -- Educación ambiental -- Percepción social de los riesgos y comportamiento en los desastres -- Gestión ambiental en la empresa y en la administración pública: aportaciones desde la psicología
650 1 0 _aPsicología ambiental
_92288
650 2 0 _aEducación ambiental
_92289
650 2 0 _aGestión ambiental
_92290
650 2 0 _aAmbiente educativo
_92291
650 2 0 _aMedio ambiente
_92292
650 2 0 _aAmbiente de trabajo
_92293
700 1 _92294
_aAmérigo, María
_eautor
700 1 _92295
_aAragonés, Juan Ignacio
700 1 _92296
_aCorraliza, José Antonio
_eautor
942 _cLIB
_2ddc
999 _c134
_d134